Statistieken voor Antigua en Barbuda Trivia Quiz

Klik hier om de quiz te nemen!

Algemene statistieken

  • Deze quiz is 182 keer genomen
  • De gemiddelde score is 10 van 14

Antwoordstatistieken

HintAntwoord% Correct
Zee waar het land in ligtCaribische zee
96%
Officiële taalEngels
96%
Land wat Antigua en Barbuda regeerde, 1632–1981Verenigd Koninkrijk
93%
Wat weer onderdeel is van deze archipelKleine {Antillen}
87%
Valuta die met 7 andere landen wordt gedeeldOost-Caribische dollar
87%
Industrie die 50% van het bbp vertegenwoordigtToerisme
80%
Meest populaire sportCricket
79%
HoofdstadSaint John's
76%
Betekenis van "Antigua" in het SpaansOud
67%
Eilandengroep waar Antigua en Barbuda deel van uitmaakt{Bovenwindse} Eilanden
55%
Betekenis van "Barbuda" in het SpaansBe{baard}
48%
Ziekte die waarschijnlijk de meerderheid van de inheemse bevolking heeft vermoordPokken
48%
Achternaam van de vader en zoon, Vere en Lester, die het land regeerdenBird
35%
Belangrijkste stad op BarbudaCodrington
35%

Scoreverdeling

Percentiel versus Aantal Correcte Antwoorden

Procent van Mensen met Elke Score

Uw Scoregeschiedenis

U heeft deze quiz nog niet genomen